ARRUPE JESUIT UNIVERSITY

CORONAVIRUS -STOP THE SPREAD - CLEAN,DISINFECT,COVER

A History of Christendom/ (Record no. 120837)

MARC details
000 -LEADER
fixed length control field 01174nam a2200325 a 4500
001 - CONTROL NUMBER
control field 4441774
003 - CONTROL NUMBER IDENTIFIER
control field ARRUPE
005 - DATE AND TIME OF LATEST TRANSACTION
control field 20140910165620.0
008 - FIXED-LENGTH DATA ELEMENTS--GENERAL INFORMATION
fixed length control field 940127s1993 vau b 001 0 eng d
010 ## - LIBRARY OF CONGRESS CONTROL NUMBER
LC control number 94174633
020 ## - INTERNATIONAL STANDARD BOOK NUMBER
International Standard Book Number 0931888549 (pbk.)
020 ## - INTERNATIONAL STANDARD BOOK NUMBER
International Standard Book Number 0931888557 (cloth)
035 ## - SYSTEM CONTROL NUMBER
System control number (OCoLC)29694844
040 ## - CATALOGING SOURCE
Original cataloging agency Me
Transcribing agency Me
Modifying agency DLC
042 ## - AUTHENTICATION CODE
Authentication code lccopycat
050 00 - LIBRARY OF CONGRESS CALL NUMBER
Classification number BR252
Item number .C38 1993
082 00 - DEWEY DECIMAL CLASSIFICATION NUMBER
Classification number 270.4
Edition number 20
300 ## - PHYSICAL DESCRIPTION
Dimensions 23 cm.
100 1# - MAIN ENTRY--PERSONAL NAME
Personal name Carroll, Warren Hasty.
9 (RLIN) 11260
245 14 - TITLE STATEMENT
Title A History of Christendom/
Statement of responsibility, etc Warren H. Carroll.
260 ## - PUBLICATION, DISTRIBUTION, ETC. (IMPRINT)
Place of publication, distribution, etc Front Royal, Va. :
Name of publisher, distributor, etc Christendom Press,
Date of publication, distribution, etc c1993.
300 ## - PHYSICAL DESCRIPTION
Extent 774 p. ;
490 1# - SERIES STATEMENT
Series statement A history of Christendom / Warren H. Carroll ;
Volume number/sequential designation vol. 3
504 ## - BIBLIOGRAPHY, ETC. NOTE
Bibliography, etc Includes bibliographical references (p. 715-732) and index.
650 #0 - SUBJECT ADDED ENTRY--TOPICAL TERM
Topical term or geographic name as entry element Church history
Chronological subdivision Middle Ages, 600-1500.
9 (RLIN) 11261
650 #0 - SUBJECT ADDED ENTRY--TOPICAL TERM
Topical term or geographic name as entry element Monasticism and religious orders
General subdivision History
Chronological subdivision Middle Ages, 600-1500.
9 (RLIN) 11262
800 1# - SERIES ADDED ENTRY--PERSONAL NAME
Personal name Carroll, Warren Hasty.
Title of a work History of Christendom ;
Volume/sequential designation vol. 3.
9 (RLIN) 11263
906 ## - LOCAL DATA ELEMENT F, LDF (RLIN)
a 7
b cbc
c copycat
d 2
e ncip
f 19
g y-gencatlg
942 ## - ADDED ENTRY ELEMENTS (KOHA)
Source of classification or shelving scheme Library of Congress Classification
Koha item type Monograph ( Printed materials)
Holdings
Withdrawn status Lost status Source of classification or shelving scheme Damaged status Not for loan Home library Current library Date acquired Total Checkouts Full call number Barcode Date last seen Price effective from Koha item type Collection code Shelving location Date checked out
    Library of Congress Classification     ARRUPE LIBRARY ARRUPE LIBRARY 10/09/2014   BR145.2.C319 1993 46411003 15/11/2016 10/09/2014 Monograph ( Printed materials)      
    Library of Congress Classification     ARRUPE LIBRARY ARRUPE LIBRARY 10/09/2014   BR145.2.C319 1993 46411000 15/11/2016 10/09/2014 Monograph ( Printed materials) Main Collection Main Collection  
    Library of Congress Classification     ARRUPE LIBRARY ARRUPE LIBRARY 10/09/2014 1 BR145.2.C3191993 46411001 15/11/2016 10/09/2014 Monograph ( Printed materials) Main Collection Main Collection 31/03/2016
    Library of Congress Classification     ARRUPE LIBRARY ARRUPE LIBRARY 10/09/2014   BR145.2.C3191993 46411002 15/11/2016 10/09/2014 Monograph ( Printed materials) Main Collection Main Collection  
    Library of Congress Classification     ARRUPE LIBRARY ARRUPE LIBRARY 10/09/2014 1 BR145.2.C319 1993 46411004 20/02/2018 10/09/2014 Monograph ( Printed materials) Main Collection Main Collection 07/02/2018
    Library of Congress Classification     ARRUPE LIBRARY ARRUPE LIBRARY 10/09/2014   BR145.2.C319 1993 46500000429 15/11/2016 10/09/2014 Monograph ( Printed materials) Main Collection Main Collection  

 

Arrupe Library. PO Box MP320 Mt Pleasant, Harare, Zimbabwe
263 242 745411|librarian@aju.ac.zw